000
00215nam a22000857a 4500
008
160816b xxu||||| |||| 00| 0 eng d
100
_9
129
_a
Kohli, K.S
245
_a
Water Colour
260
_a
Pune
_b
Jyotsna Prakashan
_c
2004
999
_c
2784
_d
2784